Регионална библиотека "Любен Каравелов" - Русе

Система логики силлогистической и индуктивной (Запис номер 159084)

MARC детайли
000 -Лидер
Контролно поле с фиксирана дължина nam a22 a 4500
003 - Код на организацията, давaща контролен номер
Контролно поле BLK
005 - Дата и час на последна редакция
Контролно поле 20201026113947.0
008 - Елементи от данни с фиксирана дължина
fixed length control field 180410b bul|||||r ||||||| ||bul||
010 ## - Наследен системен номер
LC control number KNG00166147000
040 ## - Източник на каталожния запис
Идентификатор на билиотеката - собственик на записа BLK
041 ## - Код за език
Код за езика на текст/звукозапис или на отделно заглавие Руски
Код за езика КДБФ Руски
072 #7 - Код за тематичната категория
Код организация bullib
Код за тематична категория Ц
Текст Редки и ценни
080 ## - УДК
Текстов определител УДК Логика. Теория на познанието. Логическа методология. Херменевтика(философ. аспекти)Епистемология. Вж и 801.73
УДК код - определител по УДК 16
УДК определител (410)(092)
УДК - код + определител 16(410)(092)
080 ## - УДК
Текстов определител УДК Умозаключение
УДК код - определител по УДК 162
УДК - код + определител 162
080 ## - УДК
Текстов определител УДК Английски философ
УДК код - определител по УДК 929 Мил, Джон Стюарт
УДК - код + определител 929 Мил, Джон Стюарт
100 1# - Редна дума - Автор
Автор Милль, Джон Стюарт
Авторска отговорност първи автор
R(LIN) 95849
139 ## - Редно поле
Редна дума Милль, Джон Стюарт
Авторски знак Мило - М 61
245 10 - Сведения за заглавието
Заглавие Система логики силлогистической и индуктивной
Подзаглавни данни Излож. принципов доказательства в связи с методами науч. изслед.
Редно поле (дума) Джон Стюарт Милль; под ред. на Владимир Николаевич Ивановский.
257 ## - Страна на издаване
Страна на създаване/издаване Великобритания
260 ## - Област на издателските данни
Име на издателя, разпространителя и проч. Маг. Кн. дело
Година на издаване 1899
Печатница Москва : Типолитогр. т-ва И. Н. Кушнер и К
Място на издаване, разпространение и проч. Москва
300 ## - Физическа характеристика
Страници 781, ХХХ с.
Размери/Мащаб 25 см
380 ## - Жанр
Жанр Философия
490 ## - СЕРИИ (Колекции)
9 (RLIN) 435080
Име на серия Колекция Редки и ценни издания
600 14 - Име на лице, използвано като предмет
За него / За нея Мил, Джон Стюарт
9 (RLIN) 334358
650 #4 - Допълнително описание по предмет – тема
Основно описание – тема или топоним Логика - на научното познание
9 (RLIN) 290396
650 #4 - Допълнително описание по предмет – тема
Основно описание – тема или топоним Мил, Джон Стюарт
9 (RLIN) 334358
651 #4 - Допълнително описание по предмет - топоним
Географско понятие Великобритания
9 (RLIN) 178698
653 ## - Ключова дума – ненормативна
Ключова дума логика
653 ## - Ключова дума – ненормативна
Ключова дума индукция (логика)
653 ## - Ключова дума – ненормативна
Ключова дума природни закони
653 ## - Ключова дума – ненормативна
Ключова дума заблуди
653 ## - Ключова дума – ненормативна
Ключова дума умозаключения
653 ## - Ключова дума – ненормативна
Ключова дума Джон Стюарт Мил
659 ## - Тематичен бюлетин
Тематичен бюлетин Ц
700 1# - Други автори (авторска отговорност)
Лично име Ивановский, Владимир Николаевич
Автороска отговорност (Описва отношението между автора и произведението) под ред. на
9 (RLIN) 381525
852 ## - Местоположение
Форматна сигнатура Рр 899
Фондова буква Редки и ценни
856 4# - Електронен адрес и достъп
Електронен формат pdf - файл
856 4# - Електронен адрес и достъп
Електронен формат pdf - файл
999 ## - СИСТЕМНИ КОНТРОЛНИ НОМЕРА
Koha biblionumber 159084
Koha biblioitemnumber 159084
942 ## - АРТИКУЛИ
Вид на библиотечния материал Книги
Скрит в OPAC Не
Периодичен библиозапис Да
944 ## - СЪЗДАВАНЕ И РЕДАКЦИЯ на ЗАПИСА
Създаване/Редакция Създаване
Дата на регистрацията/редакция 16.10.2014
Служител, извършил регистрацията/редакцията Наталия_Медовщикова
944 ## - СЪЗДАВАНЕ И РЕДАКЦИЯ на ЗАПИСА
Създаване/Редакция Редакция
Дата на регистрацията/редакция 16.10.2014
999 ## - СИСТЕМНИ КОНТРОЛНИ НОМЕРА
Koha biblioitemnumber 159084
Наличности
Код за отписване Код за изгубен артикул Източник на класификационната схема Код за повреда Коз за рестрикции Код за отдаване Артикулен № Име на библиотеката - собственик Име на библиотеката, в която се намира в момента Статус (Текущо местоположение) Дата на вписване в системата Местоположение - отдел Цена в лева Инвентарен номер Систематично азбучна сигнатура Баркод Номер на екземпляра Цена в евро Служебна бележка Служебен тип на артикула
  Не е изгубен Universal Decimal Classification Не е повреден само за читалня Специални фондове ( старопечатни, редки и ценни, фонд М. Арнаудов) 265807 Регионална библиотека "Любен Каравелов" Русе Регионална библиотека "Любен Каравелов" Русе Редки и ценни 1992-01-01 Редки и ценни 0.00 563552 Рр 899 120000563552 1 0.00 Дост: DA N: стар фонд Дата: 01.01.1992 Дата инв: 02.04.2018 Бележки инв: Рц2018 Книги
Vip Innovations Ltd, Rousse, Bulgaria 2025